Państwa Śródziemnomorskie - Statystyki

Ogólne statystyki
  • Ten quiz został rozwiązany 65 razy
  • Średni wynik to 19 z 24
Statystyki odpowiedzi
Hint Odpowiedź % Poprawnych
5 Włochy
100%
19 Egipt
95%
2 Hiszpania
95%
12 Grecja
93%
13 Turcja
93%
8 Chorwacja
91%
3 Francja
91%
24 Maroko
91%
21 Tunezja
89%
22 Algieria
87%
10 Czarnogóra
87%
17 Izrael
87%
11 Albania
85%
14 Cypr
85%
20 Libia
85%
6 Malta
85%
4 Monako
84%
9 Bośnia i Hercegowina
82%
16 Liban
75%
7 Słowenia
73%
15 Syria
73%
18 (nie jest uznawane za państwo) Palestyna
56%
23 Watykan
44%
1 Wielka Brytania (Gibraltar)
18%
Nie znaleziono quizów pasujących do podanych kryteriów
Rozkład punktacji
Procent ludzi z każdym wynikiem
Percentyl według liczby udzielonych odpowiedzi
Twoja historia wyników
Nie rozwiązałeś tego quizu